Online Public Access Catalog -OPAC

A guide to foreign language courses and dictionaries. (Record no. 18786)

MARC details
000 -LEADER
fixed length control field 00517nam a2200145Ia 4500
008 - FIXED-LENGTH DATA ELEMENTS--GENERAL INFORMATION
fixed length control field 180412s9999||||xx |||||||||||||| ||und||
020 ## - INTERNATIONAL STANDARD BOOK NUMBER
International Standard Book Number 853652597
040 ## - CATALOGING SOURCE
Original cataloging agency Ahmadu Bello University Library - Zaria
100 ## - MAIN ENTRY--PERSONAL NAME
Personal name Walford, A. J.
245 #2 - TITLE STATEMENT
Title A guide to foreign language courses and dictionaries.
Statement of responsibility, etc. edited by A. J. Walford and J. E. O. Screen
250 ## - EDITION STATEMENT
Edition statement \\
-- 3rd ed. revised and enlarged
260 ## - PUBLICATION, DISTRIBUTION, ETC.
Place of publication, distribution, etc. London
Name of publisher, distributor, etc. The Library Association
Date of publication, distribution, etc. 1977
300 ## - PHYSICAL DESCRIPTION
Extent 343p.
500 ## - GENERAL NOTE
General note Includes bibliographical footnotes.
700 ## - ADDED ENTRY--PERSONAL NAME
Personal name Screen, J. E. O.

No items available.

Customized by ICT Technical Service Unit on 29th Dec 2022

Kashim Ibrahim Library